Most Popular US Websites (2015) Quiz Stats

Quiz Updated Feb 11, 2016

Challenge
Share
Tweet
Embed
Score 0/15 Timer 03:00
0 Plays Today
% Correct
amazon.com
97.1%
facebook.com
93.6%
google.com
91.9%
youtube.com
90.5%
wikipedia.org
86.4%
twitter.com
85.1%
netflix.com
77.6%
ebay.com
76.1%
% Correct
yahoo.com
68.7%
craigslist.org
61%
reddit.com
53.8%
pinterest.com
53.7%
linkedin.com
41.5%
imgur.com
24.5%
live.com
14.6%

You're not logged in!

Compare scores with friends on all Sporcle quizzes.
Sign Up with Email
OR
Log In

You Might Also Like...

Show Comments

Extras

Top Quizzes Today


Score Distribution

Your Account Isn't Verified!

In order to create a playlist on Sporcle, you need to verify the email address you used during registration. Go to your Sporcle Settings to finish the process.